Statistics for Boroughs of Greater Manchester

Click here to take the quiz!

General Stats

  • This quiz has been taken 45 times
  • The average score is 19 of 74

Answer Stats

Metropolitan CountyBorough% Correct
SalfordSalford
78%
ManchesterManchester
76%
RochdaleRochdale
76%
BoltonBolton
73%
OldhamOldham
73%
BuryBury
70%
StockportStockport
70%
WiganWigan
62%
WiganAshton in Makerfield
49%
TamesideAshton-under-Lyne
49%
TraffordSale
46%
TraffordAltrincham
43%
SalfordEccles
41%
OldhamChadderton
38%
StockportCheadle
38%
TamesideDenton
35%
BuryRadcliffe
35%
BuryWhitefield
32%
StockportHazel Grove
30%
TamesideHyde
30%
WiganLeigh
30%
BuryPrestwich
30%
TamesideStalybridge
30%
TraffordStretford
30%
BoltonWesthoughton
30%
SalfordWorsley
30%
TamesideAudenshaw
27%
StockportMarple
27%
RochdaleMiddleton
27%
RochdaleHeywood
24%
BoltonHorwich
24%
SalfordSwinton
24%
BuryTottington
24%
TraffordUrmston
24%
StockportBramhall
22%
OldhamFailsworth
22%
BoltonFarnworth
22%
TamesideMossley
22%
StockportRomiley
22%
OldhamRoyton
22%
TamesideDroylsden
19%
RochdaleLittleborough
19%
RochdaleMilnrow
19%
BuryRamsbottom
19%
OldhamSaddleworth
19%
WiganAtherton
16%
StockportBredbury
16%
TraffordHale
16%
SalfordPendlebury
16%
SalfordIrlam
14%
BoltonKearsley
14%
OldhamLees
14%
BoltonLittle Lever
14%
RochdaleWardle
14%
BoltonBlackrod
11%
OldhamCrompton
11%
WiganHindley
11%
WiganOrrell
11%
ManchesterRingway
11%
BoltonTurton
11%
WiganAspull
8%
WiganInce in Makerfield
8%
TraffordBowdon
5%
TraffordBucklow
5%
ManchesterBucklow
5%
WiganStandish with Langtree
5%
WiganAbram
3%
WiganBillinge
3%
StockportGately
3%
WiganGolborne
3%
TamesideLongdendale
3%
TamesideDunkinfield
0%
WiganTyldesley
0%
WiganWinstanley
0%

Score Distribution

Percentile by Number Answered

Percent of People with Each Score

Your Score History

You have not taken this quiz